Les Français champions du monde pendant qu'ils jouaient en Ligue 1 - Statistiques

Statistiques générales
  • Ce quiz a été pris 156 fois
  • Le résultat moyen est 13 sur 18
Statistiques - réponses
Année Club Joueur % Correct
2018 Paris Saint-Germain Kylian Mbappé
98%
2018 Olympique de Marseille Florian Thauvin
83%
2018 Paris Saint-Germain Presnel Kimpembe
82%
2018 Olympique Lyonnais Nabil Fekir
80%
1998 AS Monaco Thierry Henry
80%
2018 Olympique de Marseille Adil Rami
73%
2018 Olympique de Marseille Steve Mandanda
73%
2018 AS Monaco Djibril Sidibé
72%
2018 Paris Saint-Germain Alphonse Areola
71%
1998 AS Monaco Fabien Barthez
71%
1998 Olympique de Marseille Laurent Blanc
69%
1998 AS Monaco David Trezeguet
68%
2018 AS Monaco Thomas Lemar
68%
1998 AJ Auxerre Stéphane Guivarc'h
60%
1998 FC Metz Robert Pirès
59%
1998 Olympique de Marseille Christophe Dugarry
56%
1998 AJ Auxerre Lionel Charbonnier
48%
1998 AJ Auxerre Bernard Diomède
40%
Aucun quiz correspondant
Distribution des résultats
% des personnes avec chaque résultat
Percentile par nombre de réponses
Votre historique - résultats
Vous n’avez pas pris ce quiz